Every TADC Character - Statistics

General Stats
  • This quiz has been taken 209 times
  • The average score is 23 of 67
Answer Stats
Hint Answer % Correct
Human Jax
100%
Human Pomni
99%
AI/NPC Caine
98%
Human Kinger
97%
Human Ragatha
97%
Human Zooble
95%
Human Gangle
94%
AI/NPC Abel
89%
Abstracted Human Kaufmo
89%
AI/NPC Bubble
86%
Abstracted Human Scratch
82%
Abstracted Human Queenie
80%
Abstracted Human Ribbit
79%
AI/NPC Gummigoo
73%
AI/NPC Evil Pomni
58%
AI/NPC Evil Jax
56%
AI/NPC Evil Ragatha
56%
AI/NPC Ming
54%
AI/NPC Gloink Queen
53%
AI/NPC Disappearing Guy
50%
AI/NPC Orbsman
50%
AI/NPC Gloinks
46%
AI/NPC Moon
41%
AI/NPC Sun
40%
AI/NPC The Fudge
40%
AI/NPC Evil Orbsman
39%
AI/NPC Bazooble
36%
AI/NPC Angel
30%
AI/NPC Chad
28%
AI/NPC Max
28%
AI/NPC Coach Dictatorer
27%
AI/NPC Princess Loolilalu
26%
AI/NPC Shrimp
24%
AI/NPC Ghostly
23%
AI/NPC Martha Mildenhall
22%
Abstracted Human Wormo
22%
Abstracted Human Spike
21%
AI/NPC Dr. Football
18%
Abstracted Human Rattie
16%
AI/NPC Baron Theodore Mildenhall
14%
Abstracted Human Bizco
14%
AI/NPC Mannequin
13%
AI/NPC Crappy Looking Fish
12%
AI/NPC Albert Spudsy
11%
Human Ragatha's Mom
11%
AI/NPC Gummy Elephant
7%
Other Jack
6%
AI/NPC Additional Voices
5%
AI/NPC Chinese Room NPC
5%
Other La Buble
3%
Other Red Dot
3%
Other The Bone Pastor
3%
Other The Machine
3%
AI/NPC Barrel Monkeys
2%
Other Blue Dot
2%
AI/NPC Giant Centipede
2%
AI/NPC Gummigoo's Mother
2%
AI/NPC Jeffery
2%
Other Meatlad
2%
AI/NPC Extra Life Butterfly
1%
AI/NPC Gummy Worms
1%
Other Paine
1%
AI/NPC Cookie Butterfly
0%
AI/NPC Fly
0%
AI/NPC Guards
0%
Other Pomni's Mother
0%
AI/NPC Souls
0%
No matching quizzes found
Score Distribution
Percent of People with Each Score
Percentile by Number Answered
Your Score History
You have not taken this quiz